| 000 | 00703nam a2200277Ia 4500 | ||
|---|---|---|---|
| 001 | 23171 | ||
| 005 | 20240114000711.0 | ||
| 007 | ta | ||
| 008 | 060324s a g b000 u 465 u | ||
| 040 | _aCotton College,Assam | ||
| 041 | _a465 | ||
| 082 |
_a822.37 _bM 386 P |
||
| 100 | _aMassinger, Philip . | ||
| 245 | 0 |
_aPhilip Massinger / _cPhilip Massinger. _hTextual Documents |
|
| 250 | _a1st ed. / | ||
| 260 |
_aLondon : _bT. Fisher Unwin , _cnd. |
||
| 300 |
_a496p. : _bill ; _c17cm . |
||
| 653 | _aEnglish drama | ||
| 653 | _aG-English | ||
| 653 | _aRare-English | ||
| 653 | _aT/G-English | ||
| 942 |
_2ddc _cBK |
||
| 999 |
_c23153 _d23153 |
||